000 00596nam a2200193Ia 4500
005 20260120124523.0
008 008 260114s9999 xx 000 0 eng d
020 _a9781786350565
037 _aEBOOK
040 _aCRL
_beng
_cCRL
041 _aeng
_2eng
084 _qCRL
100 _aJonathan Boston
_9907381
245 0 _aGoverning for the Future: Designing Democratic Institutions for a Better Tomorrow
260 _bEmerald Publishing
_c2016
856 _uhttps://www.emerald.com/insight/publication/doi/10.1108/S2053-7697201725
942 _cEBOOK
999 _c1499118
_d1499118